000 00912pam a2200313 a 4500
001 2332031
003 OSt
005 20140310182716.0
008 820414s1982 nyua b 001 0 eng
010 _a 82006471
020 _a0416334105 (pbk.) :
_c$10.95 (est.)
040 _aDLC
_cDLC
_dDLC
050 0 0 _aG 116
_b.M978 1982
082 0 0 _aM 910
_bM95 1982
100 1 _aMurphey, Rhoads,
_d1919-
245 1 4 _aThe scope of geography /
_cMurphey, Rhoads
250 _a3rd ed.
260 _aNew York :
_bMethuen,
_c1982.
300 _ax, 255 p. :
_bill. ;
_c23 cm.
500 _aIncludes index.
504 _aBibliography: p. [245]-248.
521 _aCollege students
526 _c1210L to 1700L
541 _j1
562 _efor circulation. 1 copy available in the collection
650 0 _aGeography.
906 _a7
_bcbc
_corignew
_d1
_eocip
_f19
_gy-gencatlg
942 _2lcc
_cBK
_kM
999 _c15280
_d15280